Training : Needs and Evaluation (Record no. 93640)

MARC details
000 -LEADER
fixed length control field 00571nam a2200205Ia 4500
005 - DATE AND TIME OF LATEST TRANSACTION
control field 20230503091041.0
008 - FIXED-LENGTH DATA ELEMENTS--GENERAL INFORMATION
fixed length control field 230125s9999 xx 000 0 und d
020 ## - INTERNATIONAL STANDARD BOOK NUMBER
International Standard Book Number 9788178817231
041 ## - LANGUAGE CODE
Language code of text/sound track or separate title eng
082 ## - DEWEY DECIMAL CLASSIFICATION NUMBER
Classification number 658.3124
Item number RAJ
100 ## - MAIN ENTRY--PERSONAL NAME
Author Raju P V L, Ed.
245 ## - TITLE STATEMENT
Title Training : Needs and Evaluation
250 ## - EDITION STATEMENT
Edition statement 1st Ed.
260 ## - PUBLICATION, DISTRIBUTION, ETC.
Date of publication, distribution, etc. 2005
Name of publisher, distributor, etc. ICFAI publication
Place of publication, distribution, etc. Hyderabad
300 ## - PHYSICAL DESCRIPTION
Extent 183p
500 ## - GENERAL NOTE
Keywords Training;ICFAI Series Book<br/>
650 ## - SUBJECT ADDED ENTRY--TOPICAL TERM
Topical term or geographic name entry element Training;ICFAI Series Book
700 ## - ADDED ENTRY--PERSONAL NAME
Personal name Raju P V L, Ed. & Abhyankar M W, Donor
942 ## - ADDED ENTRY ELEMENTS (KOHA)
Koha item type Donated Book
Holdings
Withdrawn status Lost status Damaged status Not for loan Home library Current library Date acquired Vendor Net Price Total Checkouts Total Renewals Full call number Barcode Date last seen Date last checked out Actual Price Bill Date Koha item type Original Barcode
        Smt. Hiraben Nanavati Institute of Management & Research for Women Smt. Hiraben Nanavati Institute of Management & Research for Women 18/06/2015 Donated Book- Outside Donar 1.00 1 2 658.3124 RAJ DB2021 HIMR-DB-2021 18/10/2023 04/10/2023 1.00 25/01/2023 Donated Book DB2021